Elections Between 2 Presidents - Statistics

General Stats
  • This quiz has been taken 28 times
  • The average score is 12 of 15
Answer Stats
Year % Correct
2020
96%
1976
93%
1992
89%
1980
85%
1960
81%
1796
74%
1800
74%
1912
74%
1932
74%
1824
70%
1828
70%
1836
70%
1888
70%
1892
70%
1840
67%
No matching quizzes found
Score Distribution
Percent of People with Each Score
Percentile by Number Answered
Your Score History
You have not taken this quiz